| 000 | 00898nam a22002657a 4500 | ||
|---|---|---|---|
| 003 | EG-ScBUE | ||
| 005 | 20211128133728.0 | ||
| 008 | 090726s2005 ua f 000 0 ara d | ||
| 017 | _a2005 / 15062 | ||
| 020 | _a9770913189 | ||
| 040 |
_aEG-ScBUE _bara _erda _cEG-ScBUE _dEG-ScBUE |
||
| 082 | 0 | 4 |
_a892.717 _bج و ي _222 |
| 100 | 1 |
_98100 _aجويدة، فاروق، _eمؤلف. |
|
| 245 | 1 | 0 |
_aطاوعني قلبي في النسيان / _cفاروق جويدة. |
| 264 | 1 |
_aالقاهرة : _bدار الشروق، _c2005. |
|
| 300 |
_a71 صفحة ؛ _c15 سم |
||
| 336 |
_2rdacontent _aنص _btxt |
||
| 337 |
_2rdamedia _aبدون وسيط _bn |
||
| 338 |
_2rdacarrier _aمجلد _bnc |
||
| 650 | 7 |
_98102 _aالشعر العربي _xدواوين وقصائد. _2BUEsh |
|
| 651 | _2BUEsh | ||
| 653 |
_bARALIT _cNovember2021 |
||
| 655 |
_vReading book _934232 |
||
| 942 |
_2ddc _cBB _k892.717 ج و ي |
||
| 999 |
_c12412 _d12412 |
||